Statistics for Greatest Albums of all Time

Click here to take the quiz!

General Stats

  • This quiz has been taken 51 times
  • The average score is 12 of 20

Answer Stats

#ArtistAlbum% Correct
14The BeatlesAbbey Road
88%
1The BeatlesSgt. Peppers Lonely Hearts Club Band
88%
3The BeatlesRevolver
80%
20Michael JacksonThriller
80%
2The Beach BoysPet Sounds
73%
15The Jimi Hendrix ExperienceAre You Experienced?
71%
8The ClashLondon Calling
71%
17NirvanaNevermind
69%
10The BeatlesThe White Album
69%
5The BeatlesRubber Soul
59%
18Bruce SpringsteenBorn to Run
57%
6Marvin GayeWhats Going On
55%
7The Rolling StonesExile on Main Street
51%
9Bob DylanBlonde on Blonde
49%
16Bob DylanBlood on the Tracks
47%
4Bob DylanHighway 61 Revisited
47%
12Miles DavisKind of Blue
45%
13The Velvet UndergroundThe Velvet Underground and Nico
41%
11Elvis PresleyThe Sun Sessions
18%
19Van MorrisonAstral Wheels
2%

Score Distribution

Percentile by Number Answered

Percent of People with Each Score

Your Score History

You have not taken this quiz